000 00673nam a2200181 a 4500
001 000043238
005 20250909091242.0
008 140303s2007 sp ac 000 0 spa d
040 _aDO-SdBNP
_bspa
_cBNPHU
245 0 0 _aLa cooperación al desarrollo en las universidades españolas /
_cdirector Koldo Unceta.
260 _aMadrid :
_bAECID,
_c2007.
300 _a200 p. :
_bil., gráf. ;
_c23 cm.
490 1 _aCultura y Desarrollo
_v3
504 _aIncluye referencias bibliográficas y notas al pie de las páginas
700 1 _aKoldo
_edr.
_977978
710 2 _aAgencia Española de Cooperación Internacional
_934585
830 0 _aCultura y Desarrollo (España)
_v3
_970831
999 _c42727
_d42727